000 01438cam a2200385Ii 4500
001 on1054359916
003 Co-BoUCM
005 20181005094827.0
008 181005s2018 gw ab b 001 0 eng d
020 _a9783510614110
020 _a3510614119
035 _a(OCoLC)1054359916
040 _aCo-BoUCM
_bspa
_cSaul Niño
_dSaul Niño
041 1 _aeng
_hger
245 0 0 _aMessel
_ban ancient greenhouse ecosystem
_cKrister T. Smith, Stephan F.K. Schaal, Jörg Habersetzer (eds) ; translation, Actitis Translations, Hendrik Herlyn
260 _aFrankfurt am Main
_bLeibniz association
_c2018
300 _axv, 355 páginas
_bilustraciones
490 0 _aSenckenberg-Buch
_v80
500 _aEnglish-language version of: Messel : ein fossiles Tropenökosystem.
546 _aTexto en inglés
650 7 _aEcología
_zAlemania
_913631
650 7 _aEcología
_zMessel Región
_913631
650 7 _aPaleontología
_921015
650 7 _aAnimales extintos
_99116
650 7 _aEstratigráfica
_916364
_xGeología
650 7 _aFósiles
_916077
650 7 _aVertebrados
_926164
650 7 _aCiencias naturales
_910813
700 1 _aSmith, Krister T.
_eeditor
_993912
700 1 _aSchaal, Stephan
_eeditor
_993913
700 1 _aHabersetzer, Jörg
_eeditor
_993914
710 2 _aSenckenberg Gesellschaft für Naturforschung
_993915
942 _2DEWEY
_a8
_cLIBRO
_e1
_h560.1
_mM584m
999 _c310695
_d310695